000 01164nam a2200325 a 4500
001 000029124
003 DO-SdBPM
005 20260206123309.0
007 ta
008 100812s2000 dr r 000 0 spa d
040 _aDO-SdBPM
_bspa
_cBPMSU
_drda
082 4 _a028.5
_bL296b, 2000
_222
100 1 _aLantigua, José Rafael,
_d1949-
_eautor
_4aut.
245 1 0 _aBuscando tiempo para leer y lecturas recomendadas /
_cJosé Rafael Lantigua, Juan Tomás Tavares ; prólogo Juan Daniel Balcácer.
264 _aSanto Domingo :
_bComisión Permanente de Efemérides Patrias,
_c2000
300 _a42 páginas;
_c22 cm.
336 _atexto
_btxt
_2rdacontent
337 _asin mediación
_bn
_2rdamedia
338 _avolumen
_bnc
_2rdacarrier
490 0 _aColección de la Comisión Permanente de la Feria del Libro,
_v12
590 _aInventariado,2026/VM
650 7 _aLibros y lectura
650 7 _aPromoción de la lectura
650 7 _aGuía para lectores
650 z _a Books and reading
700 1 _aTavares, Juan Tomás,
700 1 _aBalcácer, Juan Daniel,
_d1949-
_eprólogo
910 _aVMateo V. Control de calidad. BPMSU
942 _2ddc
_cBK
999 _c15669
_d15669